00519 2200181 4500245007300000020002200073250001100095100001500106700001900121650001700140005001900157260003100176041001400207084000800221300002300229500007600252336000900328 aSecond Hurt b : Luka itu Tidak datang Sekali ...cHeri PutrahText a978-602-73303-0-6 aCet. 1 aHeri Putra aMaskur Priatna aNovel Remaja a20231005085833 aDepokbBintang Mediac2015 aIndonesia a813 a352 hlm. :c19 cm. aaku pernah mengejarmu di sore hari yang penuh angun dan rintikan hujan. atext